Dinosaur families : (Record no. 1878)
[ view plain ]
| 000 -LEADER | |
|---|---|
| fixed length control field | 01591cam a2200337 a 4500 |
| 005 - DATE AND TIME OF LATEST TRANSACTION | |
| control field | 20231006122156.0 |
| 020 ## - INTERNATIONAL STANDARD BOOK NUMBER | |
| International Standard Book Number | 9781595665485 |
| 020 ## - INTERNATIONAL STANDARD BOOK NUMBER | |
| International Standard Book Number | 159566548X : |
| Terms of availability | $28.50 |
| 040 ## - CATALOGING SOURCE | |
| Original cataloging agency | DLC |
| Transcribing agency | DLC |
| Modifying agency | IG# |
| -- | BAKER |
| -- | BTCTA |
| -- | JAG |
| -- | GRC |
| -- | QBX |
| -- | LF3 |
| -- | DLC |
| 050 00 - LIBRARY OF CONGRESS CALL NUMBER | |
| Classification number | QE861.5 |
| Item number | .M3629 2008 |
| 082 00 - DEWEY DECIMAL CLASSIFICATION NUMBER | |
| Classification number | 567.9 |
| Edition number | 22 |
| 100 1# - MAIN ENTRY--PERSONAL NAME | |
| Personal name | Matthews, Rupert. |
| 245 10 - TITLE STATEMENT | |
| Title | Dinosaur families : |
| Remainder of title | unearth the secrets behind dinosaur fossils / |
| Statement of responsibility, etc. | Rupert Matthews. |
| 260 ## - PUBLICATION, DISTRIBUTION, ETC. | |
| Place of publication, distribution, etc. | Laguina Hills, CA : |
| Name of publisher, distributor, etc. | QED Pub., |
| Date of publication, distribution, etc. | 2008. |
| 300 ## - PHYSICAL DESCRIPTION | |
| Extent | 32 pages : |
| Other physical details | color illustrations, maps ; |
| Dimensions | 28 cm |
| 490 1# - SERIES STATEMENT | |
| Series statement | Dinosaur dig |
| 500 ## - GENERAL NOTE | |
| General note | Includes index. |
| 505 0# - FORMATTED CONTENTS NOTE | |
| Formatted contents note | Q |
| 505 0# - FORMATTED CONTENTS NOTE | |
| Formatted contents note | Dinosaur dig -- Caring for the eggs -- The nursery -- Youngsters -- Leaving the next -- Life skills -- Under attack -- Going it alone -- Threat displays -- Power struggle -- Herd instinct -- The end of the story -- Dino guide. |
| 520 ## - SUMMARY, ETC. | |
| Summary, etc. | "Describes dinosaur fossils that have been found around the world and what is known about how they interacted with their young and with each other. Includes dinosaurs from the Triassic, Jurassic, and Cretaceous periods"--Provided by publisher. |
| 521 ## - TARGET AUDIENCE NOTE | |
| Target audience note | 910 <br/> |
| Source | Lexile IG |
| 521 ## - TARGET AUDIENCE NOTE | |
| Target audience note | Q <br/> |
| Source | Raz-Plus |
| 650 #0 - SUBJECT ADDED ENTRY--TOPICAL TERM | |
| Topical term or geographic name entry element | Dinosaurs |
| General subdivision | Behavior |
| Form subdivision | Juvenile literature. |
| 650 #0 - SUBJECT ADDED ENTRY--TOPICAL TERM | |
| Topical term or geographic name entry element | Parental behavior in animals |
| Form subdivision | Juvenile literature. |
| 650 #0 - SUBJECT ADDED ENTRY--TOPICAL TERM | |
| Topical term or geographic name entry element | Paleontology |
| Chronological subdivision | Triassic |
| Form subdivision | Juvenile literature. |
| 650 #0 - SUBJECT ADDED ENTRY--TOPICAL TERM | |
| Topical term or geographic name entry element | Paleontology |
| Chronological subdivision | Jurassic |
| Form subdivision | Juvenile literature. |
| 650 #0 - SUBJECT ADDED ENTRY--TOPICAL TERM | |
| Topical term or geographic name entry element | Paleontology |
| Chronological subdivision | Cretaceous |
| Form subdivision | Juvenile literature. |
| 906 ## - LOCAL DATA ELEMENT F, LDF (RLIN) | |
| a | 7 |
| b | cbc |
| c | orignew |
| d | 1 |
| e | ecip |
| f | 20 |
| g | y-gencatlg |
| 942 ## - ADDED ENTRY ELEMENTS (KOHA) | |
| Source of classification or shelving scheme | Dewey Decimal Classification |
| Koha item type | Books |
| Suppress in OPAC | No |
| 999 ## - | |
| -- | 1878 |
| -- | 1878 |
| Withdrawn status | Lost status | Source of classification or shelving scheme | Damaged status | Not for loan | Collection | Home library | Current library | Shelving location | Date acquired | Total Checkouts | Full call number | Barcode | Date last seen | Date last checked out | Price effective from | Koha item type |
|---|---|---|---|---|---|---|---|---|---|---|---|---|---|---|---|---|
| Dewey Decimal Classification | Non-Fiction | Footprints International School Library Network Toul Kork Campus | Footprints International School Library Network Toul Kork Campus | 10/06/2023 | 1 | MAT 567.9 QE861.B44 | FISBK06268 | 06/07/2024 | 01/08/2024 | 10/06/2023 | Books |
